| 000 | 00583nam a2200169Ia 4500 | ||
|---|---|---|---|
| 008 | 230917s9999||||xx |||||||||||||| ||und|| | ||
| 020 | _cRS 3000.00 (set of 3 vol.) | ||
| 040 |
_e5016634 _aMAIN |
||
| 041 | _aEnglish | ||
| 082 | _a891.431731 PR192D | ||
| 100 | _aपाण्डेय, रत्नशंकर, सम्पा | ||
| 245 | 0 | _aधूमिल समग्र: 3 खण्ड | |
| 260 |
_aनई दिल्ली _bराजकमल प्रकाशन _c2021 |
||
| 300 | _a535 p. | ||
| 500 | _a4976 03/01/2023 RKP23/10416 18/01/2023 Main Budget | ||
| 942 | _cBK | ||
| 999 |
_c8231 _d8231 |
||